000 00406 a2200121 4500
020 _a9942509
050 _aBS591
_b.S36
100 _aScofield, C. I.
_98677
245 _aRightly dividing the word of truth (2 Tim. 2:15) :
_bTen outline studies of the more important divisions of Scripture /
_cC I Scofield.
260 _aFincastle:
_bScripture truth book co.
300 _a64 p. :
_c18 cm.
942 _2lcc
_cBK
_n0
999 _c4210
_d4210